zpět

Detail výsledku týmu

Starobělská hospoda, Ostrava

Datum a čas kvízu

37 Celkem bodů Celkový počet nahraných bodů na tomto kvízu bez doplňovacích otázek.
2. Pořadí na kvízu Konečné umístění týmu na tomto kvízu.

Zaznamenané odpovědi

# Otázka Odpověď Body Výsledky
1. Ministr kultury Ota Klempíř ro... každou první neděli v měsíci 0
2. Minulou středu odstartovala z... A 1
3. Která česká zpěvačka a herečka... Marta Jandová 1
4. Jistá firma v pondělí oznámila... Kit Kat 1
5. „Všichni už jsou v Mexiku, Bue... 3:1 1
6. Vítězné téma facebookového hla... 1B 2D 3A 4C 0
7. Ve Formuli 1 můžeme občas zazn... A 1
8. Velká cena Monaka 1996 drží je... 3 piloti (uznáváme 2 až 4) 0
9. Tato stáj působila ve Formuli... Benetton 0
10. Ve kterém státě se nachází záv... v Mexiku 0